000 00340nam a22001337a 4500
999 _c55024
_d55024
008 200205b ||||| |||| 00| 0 eng d
041 _aeng
080 _2043.3
_a043.3
082 _a043.3
100 _a0
101 _aBTH
245 _aInstitucion Parashkollorë- Cerdhe për Fëmijë (të moshave 0,5-6 vjec)
_cGashi,D
942 _2udc
_cBK